| 000 | 01472nam a2200349 i 4500 | ||
|---|---|---|---|
| 001 | bg | ||
| 003 | KOSZ 005 | ||
| 005 | 20220121125104.0 | ||
| 008 | 080218s1967 pl a f 001 0 eng | ||
| 015 | _aPB 1967/6908 | ||
| 040 |
_aWA N _cKOSZ 005/RW _dKOSZ 005/RW |
||
| 041 | 1 |
_aeng _hpol |
|
| 080 | _a519+517:16 | ||
| 100 | 1 |
_aSłupecki, Jerzy _d(1904-1987) _eAutor |
|
| 245 | 1 | 0 |
_aElements of mathematical logic and set theory / _cJ. Słupecki, L. Borkowski ; transl. by O. Wojtasiewicz. |
| 246 | 1 |
_iTyt. oryg.: _aElementy logiki matematycznej i teorii mnogości. |
|
| 260 |
_aOxford : _bPergamon Press ; _aWarszawa : _bPolish Scientific Publishers, _c1967. |
||
| 300 |
_aXII, 349 s. : _bil., err. ; _c23 cm. |
||
| 380 | _aKsiążki. | ||
| 490 | 1 |
_aInternational Series of Monographs in Pure and Applied Mathematics _vvol. 96. |
|
| 504 | _aIndeks. | ||
| 655 | 4 | _aPodręczniki akademickie | |
| 650 | 4 | _aLogika matematyczna | |
| 650 | 4 | _aTeoria mnogości | |
| 700 | 1 |
_aBorkowski, Ludwik _d(1914-1993) _eAutor |
|
| 710 | 2 |
_aPaństwowe Wydawnictwo Naukowe _4pbl. |
|
| 700 | 1 |
_aWojtasiewicz, Olgierd Adrian _d(1916-1995) _eTłumaczenie |
|
| 710 | 2 |
_aPergamon Press (Oxford) _4pbl. |
|
| 830 | 0 |
_aInternational Series of Monographs in Pure and Applied Mathematics _vvol. 96. |
|
| 856 |
_uhttp://koha.tu.koszalin.pl/cgi-bin/koha/opac-detail.pl?biblionumber=10920 _yKatalog online BPK |
||
| 942 |
_2UKD _cKS |
||
| 999 |
_c10920 _d10920 |
||